[Event "LXXV Campeonato Brasileiro Ind"]
[Site "Americana"]
[Date "2009.12.02"]
[Round "1.1"]
[White "Leitao, Rafael"]
[Black "Barreto Filho, Carlos Alberto"]
[Result "1-0"]
[WhiteElo "2621"]
[BlackElo "2277"]
[PlyCount "61"]
[EventDate "2009.12.02"]

1. d4 Nf6 2. c4 g6 3. Nc3 Bg7 4. e4 d6 5. Bd3 O-O 6. Nge2 Nc6 7. O-O e5 8. d5
Nd4 9. Rb1 c5 10. dxc6 bxc6 11. b4 d5 12. cxd5 cxd5 13. Bg5 dxe4 14. Nxe4 Ne6
15. Bh4 Bb7 16. f3 Bxe4 17. fxe4 Qb6+ 18. Kh1 Nh5 19. Bc4 Nhf4 20. Nxf4 exf4
21. Bf2 Bd4 22. Bxd4 Nxd4 23. Rxf4 Rad8 24. Qf1 Ne6 25. Rf6 Kg7 26. e5 Qd4 27.
Re1 Qd2 28. a3 Qd4 29. h3 Qd2 30. Re2 Qd1 31. Ref2 1-0

[Event "LXXV Campeonato Brasileiro Ind"]
[Site "Americana"]
[Date "2009.12.02"]
[Round "1.2"]
[White "Mekhitarian, Krikor Sevag"]
[Black "Diamant, Andre"]
[Result "0-1"]
[WhiteElo "2467"]
[BlackElo "2493"]
[PlyCount "86"]
[EventDate "2009.12.02"]

1. e4 c5 2. Nf3 d6 3. d4 cxd4 4. Nxd4 Nf6 5. Nc3 Nc6 6. h3 g6 7. Be3 Bg7 8. g4
O-O 9. Bg2 Bd7 10. O-O Nxd4 11. Bxd4 Bc6 12. Re1 Nd7 13. Nd5 Bxd4 14. Qxd4 e5
15. Qd2 Nc5 16. Rad1 Qh4 17. Nb4 Rad8 18. Qe3 a5 19. Nxc6 bxc6 20. Rd2 Rd7 21.
Red1 Rfd8 22. Qc3 a4 23. b4 axb3 24. axb3 h5 25. gxh5 Qxh5 26. b4 Ne6 27. Qxc6
Rc7 28. Qb6 Rxc2 29. Kh2 Kg7 30. b5 Rxd2 31. Rxd2 Qg5 32. Rxd6 Nf4 33. Bf1 Ra8
34. Rd1 Ra3 35. Qd8 Qh5 36. Qd7 Qf3 37. Rd2 Ra1 38. Qg4 Qxg4 39. hxg4 Rxf1 40.
Rb2 Rd1 41. b6 Rd8 42. b7 Rb8 43. Kg3 Kf6 0-1

[Event "LXXV Campeonato Brasileiro Ind"]
[Site "Americana"]
[Date "2009.12.02"]
[Round "1.3"]
[White "Santiago, Yago De Moura"]
[Black "Macedo, Maximo Iack"]
[Result "1/2-1/2"]
[WhiteElo "2266"]
[BlackElo "2339"]
[PlyCount "57"]
[EventDate "2009.12.02"]

1. e4 e5 2. Nf3 Nc6 3. Bb5 a6 4. Ba4 Nf6 5. d4 exd4 6. O-O Be7 7. Re1 O-O 8. e5
Ne8 9. Bf4 d5 10. Bxc6 bxc6 11. Nxd4 Bd7 12. Nc3 c5 13. Nf3 c6 14. Ne2 Nc7 15.
b3 Bg4 16. Ng3 Ne6 17. Bd2 f6 18. c3 fxe5 19. Rxe5 Bd6 20. Re1 Bxf3 21. gxf3
Qf6 22. Qe2 Nc7 23. Kg2 Rf7 24. Qd3 Raf8 25. Nh5 Qh4 26. Ng3 Qf6 27. Nh5 Qh4
28. Ng3 Qf6 29. Nh5 1/2-1/2

[Event "LXXV Campeonato Brasileiro Ind"]
[Site "Americana"]
[Date "2009.12.02"]
[Round "1.5"]
[White "Bittencourt, Jorge"]
[Black "Vescovi, Giovanni"]
[Result "0-1"]
[WhiteElo "2454"]
[BlackElo "2648"]
[PlyCount "64"]
[EventDate "2009.12.02"]

1. e4 c5 2. Nf3 e6 3. d4 cxd4 4. Nxd4 a6 5. Bd3 Bc5 6. Nb3 Ba7 7. Nc3 Ne7 8.
Qh5 Nbc6 9. Bg5 Qc7 10. f4 Nb4 11. O-O-O Ng6 12. f5 Nf4 13. Bxf4 Qxf4+ 14. Kb1
O-O 15. Rhf1 Qe5 16. Nd2 Nxd3 17. cxd3 d6 18. Nf3 Qa5 19. g4 Bd7 20. Qh4 Rac8
21. f6 Rxc3 22. fxg7 Kxg7 23. bxc3 Qxc3 24. Qg5+ Kh8 25. d4 Qb4+ 26. Ka1 Qc3+
27. Kb1 Rc8 28. Qf6+ Kg8 29. Ng5 Qb4+ 30. Ka1 Qc3+ 31. Kb1 Qb4+ 32. Ka1 Rc1+
0-1

[Event "LXXV Campeonato Brasileiro Ind"]
[Site "Americana"]
[Date "2009.12.02"]
[Round "1.6"]
[White "Molina, Roberto Junio Brito"]
[Black "Matsuura, Everaldo"]
[Result "1/2-1/2"]
[WhiteElo "2340"]
[BlackElo "2478"]
[PlyCount "74"]
[EventDate "2009.12.02"]

1. d4 d5 2. c4 dxc4 3. e3 e5 4. Nf3 exd4 5. Qxd4 Qxd4 6. Nxd4 Bc5 7. Bxc4 Bxd4
8. exd4 Nc6 9. Be3 Nb4 10. Na3 Be6 11. Bxe6 fxe6 12. Ke2 O-O-O 13. Rhd1 Ne7 14.
Nb5 Nbc6 15. Rd2 Rd7 16. Rad1 Rhd8 17. Bg5 a6 18. Bxe7 Nxe7 19. Nc3 c6 20. g4
Ng6 21. Ke3 Rf8 22. f3 Rdf7 23. Rf2 Kc7 24. Rdf1 Nf4 25. Rd2 g5 26. Rdf2 h6 27.
Rd2 Rd8 28. Rfd1 Ng6 29. Ne4 Nh4 30. Rf1 Rdf8 31. Rdf2 e5 32. dxe5 Re7 33. Kd4
Ng6 34. h4 Rxe5 35. hxg5 hxg5 36. Rh1 Rd5+ 37. Kc3 Nf4 1/2-1/2

[Event "LXXV Campeonato Brasileiro Ind"]
[Site "Americana"]
[Date "2009.12.03"]
[Round "2.1"]
[White "Barreto Filho, Carlos Alberto"]
[Black "Matsuura, Everaldo"]
[Result "1/2-1/2"]
[WhiteElo "2277"]
[BlackElo "2478"]
[PlyCount "76"]
[EventDate "2009.12.02"]

1. Nf3 d5 2. c4 c6 3. e3 Nf6 4. Nc3 e6 5. b3 Nbd7 6. Bb2 Bd6 7. Qc2 O-O 8. Rg1
e5 9. cxd5 cxd5 10. Nb5 Qe7 11. Nxd6 Qxd6 12. d4 exd4 13. Bxd4 Ne4 14. Bd3 Ndf6
15. h3 Bd7 16. Ke2 a6 17. Rgc1 Rfc8 18. Qb2 Bb5 19. Rxc8+ Rxc8 20. Bxb5 axb5
21. Rc1 Ra8 22. Rc2 h6 23. Be5 Qa6 24. Qd4 b4+ 25. Qd3 Nd7 26. Qxa6 Rxa6 27.
Bd4 b6 28. Ne1 Nec5 29. Nd3 Nxd3 30. Kxd3 f6 31. e4 dxe4+ 32. Kc4 Kf7 33. Kxb4
Ke6 34. a4 Kd5 35. Be3 Ra7 36. Kb5 Ra5+ 37. Kb4 Ra7 38. Kb5 Ra5+ 1/2-1/2

[Event "LXXV Campeonato Brasileiro Ind"]
[Site "Americana"]
[Date "2009.12.03"]
[Round "2.3"]
[White "Fier, Alexandr"]
[Black "Bittencourt, Jorge"]
[Result "1-0"]
[WhiteElo "2653"]
[BlackElo "2454"]
[PlyCount "75"]
[EventDate "2009.12.02"]

1. e4 c5 2. Nf3 d6 3. d4 cxd4 4. Nxd4 Nf6 5. Nc3 a6 6. Be3 e5 7. Nb3 Be6 8. f3
Nbd7 9. g4 b5 10. g5 b4 11. Ne2 Nh5 12. Qd2 Be7 13. Ng3 Nf4 14. h4 h6 15. gxh6
Rxh6 16. O-O-O Rxh4 17. Rxh4 Bxh4 18. Nf5 Bxf5 19. exf5 Be7 20. Qxb4 a5 21. Qa4
Kf8 22. Bb5 Nf6 23. Bc6 Rc8 24. Nxa5 Qc7 25. Qb5 Rb8 26. Qa6 Ne2+ 27. Qxe2 Qxa5
28. a4 d5 29. Bb5 Qc7 30. Qh2 Rc8 31. Ba6 Ra8 32. Rg1 Bc5 33. Bxc5+ Qxc5 34.
Bb5 Rc8 35. Kb1 e4 36. fxe4 Nxe4 37. Rd1 Rc7 38. Rxd5 1-0

[Event "LXXV Campeonato Brasileiro Ind"]
[Site "Americana"]
[Date "2009.12.03"]
[Round "2.4"]
[White "Macedo, Maximo Iack"]
[Black "Milos, Gilberto"]
[Result "0-1"]
[WhiteElo "2339"]
[BlackElo "2603"]
[PlyCount "58"]
[EventDate "2009.12.02"]

1. d4 Nf6 2. Nf3 d6 3. Nc3 g6 4. e4 Bg7 5. Be2 O-O 6. O-O Na6 7. Re1 c5 8. Bxa6
cxd4 9. Bxb7 Bxb7 10. Nxd4 Rc8 11. Nb3 Rxc3 12. bxc3 Nxe4 13. Qd3 Nxc3 14. Be3
Nd5 15. Rab1 Qc7 16. c4 Nxe3 17. Qxe3 Bf6 18. Rec1 Ba6 19. Nd4 Rc8 20. Nb5 Qd7
21. a4 Rc5 22. Nc3 Bb7 23. Ne4 Bxe4 24. Qxe4 Kg7 25. Rb5 Rc7 26. Qa8 Bd4 27.
Qd5 Qg4 28. Re1 Rxc4 29. Rb3 Qe2 0-1

[Event "LXXV Campeonato Brasileiro Ind"]
[Site "Americana"]
[Date "2009.12.03"]
[Round "2.5"]
[White "Diamant, Andre"]
[Black "Santiago, Yago De Moura"]
[Result "0-1"]
[WhiteElo "2493"]
[BlackElo "2266"]
[PlyCount "58"]
[EventDate "2009.12.02"]

1. e4 c5 2. Nf3 Nc6 3. Bb5 Nd4 4. Nxd4 cxd4 5. O-O e6 6. c3 a6 7. Ba4 b5 8. Bb3
Bc5 9. cxd4 Bxd4 10. Nc3 Bb7 11. Ne2 Bb6 12. Ng3 h5 13. d3 h4 14. Nh5 g6 15.
Nf4 Ne7 16. Be3 Bxe3 17. fxe3 Qb6 18. Qe2 Rc8 19. Rf2 f5 20. Raf1 Kd8 21. exf5
gxf5 22. d4 Kc7 23. d5 e5 24. Rd1 Qd6 25. Nh3 Kb8 26. Qd2 Rcg8 27. Bc2 Qxd5 28.
Qxd5 Nxd5 29. Re2 Nxe3 0-1

[Event "LXXV Campeonato Brasileiro Ind"]
[Site "Americana"]
[Date "2009.12.04"]
[Round "3.1"]
[White "Mekhitarian, Krikor Sevag"]
[Black "Barreto Filho, Carlos Alberto"]
[Result "1-0"]
[WhiteElo "2467"]
[BlackElo "2277"]
[PlyCount "81"]
[EventDate "2009.12.02"]

1. e4 c5 2. Nf3 Nc6 3. Nc3 d6 4. d4 cxd4 5. Nxd4 Nf6 6. h3 e5 7. Nf3 Be7 8. Bc4
O-O 9. a3 Be6 10. Ba2 Rc8 11. O-O Qd7 12. Re1 Rfd8 13. Bg5 h6 14. Bxf6 Bxf6 15.
Nd5 Be7 16. Qd3 Bf8 17. Rad1 Ne7 18. Re2 Nxd5 19. Bxd5 Bxd5 20. Qxd5 Qa4 21.
Qxb7 Rxc2 22. b3 Qc6 23. Qxc6 Rxc6 24. Rd3 Rdc8 25. g4 Rc3 26. Rxc3 Rxc3 27.
Re3 Rxe3 28. fxe3 f6 29. Kf1 Kf7 30. Ke2 Ke6 31. Kd3 d5 32. exd5+ Kxd5 33. e4+
Kc6 34. a4 Ba3 35. Kc4 Bc1 36. Nh4 Bg5 37. Nf5 g6 38. Ne7+ Kd6 39. Nxg6 Ke6 40.
h4 Be3 41. h5 1-0

[Event "LXXV Campeonato Brasileiro Ind"]
[Site "Americana"]
[Date "2009.12.04"]
[Round "3.3"]
[White "Milos, Gilberto"]
[Black "Diamant, Andre"]
[Result "1/2-1/2"]
[WhiteElo "2603"]
[BlackElo "2493"]
[PlyCount "83"]
[EventDate "2009.12.02"]

1. e4 c5 2. Nf3 Nc6 3. d4 cxd4 4. Nxd4 g6 5. c4 Nf6 6. Nc3 Nxd4 7. Qxd4 d6 8.
Bg5 Bg7 9. Qd2 O-O 10. Bd3 Be6 11. O-O a6 12. Rac1 b5 13. cxb5 axb5 14. a3 Bd7
15. Qe2 h6 16. Bxf6 Bxf6 17. Bxb5 Bxb5 18. Nxb5 Qb6 19. b3 Bb2 20. Qxb2 Qxb5
21. Rc4 Rfb8 22. Rc3 Qe5 23. Rfc1 Qxe4 24. b4 Qd5 25. h3 e5 26. Qb3 Qxb3 27.
Rxb3 Ra4 28. Rc7 e4 29. Rbc3 Kg7 30. Rd7 Rba8 31. Rcc7 Rf8 32. Rxd6 Rxa3 33.
Re7 Rd3 34. Rde6 Rd1+ 35. Kh2 Rd2 36. Kg3 Rd3+ 37. Kh2 Rd2 38. Rxe4 Rxf2 39.
Re2 Rf5 40. Rb7 Rd8 41. Rb2 h5 42. Rc7 1/2-1/2

[Event "LXXV Campeonato Brasileiro Ind"]
[Site "Americana"]
[Date "2009.12.04"]
[Round "3.4"]
[White "Bittencourt, Jorge"]
[Black "Macedo, Maximo Iack"]
[Result "1-0"]
[WhiteElo "2454"]
[BlackElo "2339"]
[PlyCount "55"]
[EventDate "2009.12.02"]

1. e4 e5 2. Nf3 Nc6 3. Bb5 a6 4. Ba4 Nf6 5. O-O Nxe4 6. d4 b5 7. Bb3 d5 8. dxe5
Be6 9. Be3 Be7 10. c3 O-O 11. Nbd2 Nc5 12. Bc2 Bg4 13. Qb1 g6 14. h3 Bxf3 15.
Nxf3 Re8 16. b4 Na4 17. Bxa4 bxa4 18. Qd3 Bf8 19. Bf4 Bg7 20. Rfe1 a5 21. b5
Na7 22. Red1 Rb8 23. Rab1 c6 24. bxc6 Rxb1 25. Qxb1 Nxc6 26. Qb5 Qa8 27. Rxd5
Rb8 28. Qxa4 1-0

[Event "LXXV Campeonato Brasileiro Ind"]
[Site "Americana"]
[Date "2009.12.04"]
[Round "3.5"]
[White "Molina, Roberto Junio Brito"]
[Black "Fier, Alexandr"]
[Result "1-0"]
[WhiteElo "2340"]
[BlackElo "2653"]
[PlyCount "95"]
[EventDate "2009.12.02"]

1. d4 Nf6 2. c4 c5 3. d5 g6 4. Nc3 Bg7 5. Nf3 O-O 6. e4 d6 7. h3 e5 8. Bg5 h6
9. Be3 Nh7 10. Qd2 h5 11. g4 f5 12. gxf5 gxf5 13. exf5 Bxf5 14. Be2 b5 15. cxb5
a6 16. b6 Nd7 17. O-O-O Nxb6 18. Rdg1 Kh8 19. Ng5 Nf6 20. Ne6 Bxe6 21. Bh6 Ra7
22. Bxg7+ Rxg7 23. Rxg7 Kxg7 24. dxe6 Nh7 25. Rg1+ Kh8 26. Qh6 Qf6 27. Rg6 Qe7
28. Ne4 Nd5 29. Ng5 Rxf2 30. Nf7+ Rxf7 31. exf7 Qxf7 32. Bc4 a5 33. a3 e4 34.
Rxd6 Qf4+ 35. Qxf4 Nxf4 36. h4 Kg7 37. Rc6 Nf6 38. Rxc5 a4 39. Ra5 Ng6 40. Be2
Kh6 41. Rf5 Kg7 42. Bxh5 Nxh4 43. Ra5 e3 44. Rxa4 Nf5 45. Bf3 Kf7 46. Rc4 Ke6
47. Kc2 Ke5 48. Kd3 1-0

[Event "LXXV Campeonato Brasileiro Ind"]
[Site "Americana"]
[Date "2009.12.04"]
[Round "3.6"]
[White "Matsuura, Everaldo"]
[Black "Vescovi, Giovanni"]
[Result "0-1"]
[WhiteElo "2478"]
[BlackElo "2648"]
[PlyCount "68"]
[EventDate "2009.12.02"]

1. e4 c5 2. Nf3 Nc6 3. d4 cxd4 4. Nxd4 e5 5. Nb5 d6 6. N1c3 a6 7. Na3 Be7 8.
Nc4 b5 9. Ne3 Nf6 10. Bd3 O-O 11. O-O Rb8 12. Kh1 Bd7 13. Bd2 Nb4 14. Be2 Be6
15. a3 Nc6 16. Be1 Qd7 17. Bd3 Bd8 18. f4 exf4 19. Rxf4 Ne5 20. Ncd5 Bxd5 21.
Nxd5 Nxd5 22. exd5 g6 23. a4 Bg5 24. Rb4 bxa4 25. Raxa4 Rxb4 26. Rxb4 a5 27.
Rb5 Re8 28. Bxa5 Ng4 29. Bb6 Be3 30. Bxe3 Rxe3 31. Qd2 Rxd3 32. Rb8+ Kg7 33.
cxd3 Qa7 34. Rc8 Nf2+ 0-1

[Event "LXXV Campeonato Brasileiro Ind"]
[Site "Americana"]
[Date "2009.12.05"]
[Round "4.1"]
[White "Barreto Filho, Carlos Alberto"]
[Black "Vescovi, Giovanni"]
[Result "0-1"]
[WhiteElo "2277"]
[BlackElo "2648"]
[PlyCount "83"]
[EventDate "2009.12.02"]

1. d4 Nf6 2. Nc3 d5 3. Bg5 c6 4. Qd2 Nbd7 5. f3 Qa5 6. e4 dxe4 7. Nxe4 Qxd2+ 8.
Nxd2 g6 9. O-O-O Bg7 10. Ne2 O-O 11. Nc3 b6 12. Nc4 Re8 13. Bd3 Bb7 14. Rhe1
Rad8 15. Bf1 Nf8 16. Ne5 Ne6 17. Be3 Nc7 18. Bf2 Nfd5 19. Nxd5 cxd5 20. Bg3 Rc8
21. Kb1 f6 22. Nd3 Kf7 23. h4 e6 24. h5 g5 25. Nf2 Ba6 26. Bxa6 Nxa6 27. Ng4
Nb4 28. Re2 Nc6 29. Rd3 Na5 30. f4 f5 31. Ne5+ Bxe5 32. dxe5 Rg8 33. b3 b5 34.
Be1 Nb7 35. Bf2 a6 36. g4 gxf4 37. gxf5 Rg2 38. fxe6+ Kxe6 39. Rf3 Kf5 40. e6
Nc5 41. e7 Ne4 42. Kb2 0-1

[Event "LXXV Campeonato Brasileiro Ind"]
[Site "Americana"]
[Date "2009.12.05"]
[Round "4.2"]
[White "Fier, Alexandr"]
[Black "Matsuura, Everaldo"]
[Result "1/2-1/2"]
[WhiteElo "2653"]
[BlackElo "2478"]
[PlyCount "77"]
[EventDate "2009.12.02"]

1. d4 d5 2. c4 dxc4 3. e4 Nc6 4. d5 Ne5 5. Qd4 Ng6 6. Nf3 e5 7. Qxc4 Bd6 8. Nc3
a6 9. g3 N8e7 10. h4 O-O 11. h5 Nh8 12. h6 g6 13. Ng5 c6 14. Qb3 cxd5 15. exd5
Nf5 16. Bg2 Nd4 17. Qd1 f6 18. Nge4 Nf7 19. O-O Nf5 20. Nxd6 N7xd6 21. Na4 b6
22. Bd2 Rb8 23. Rc1 Bd7 24. Nc3 Nf7 25. Qe2 a5 26. Nb5 N7xh6 27. Na7 Nd4 28.
Qd1 Nhf5 29. Re1 Rb7 30. Nc6 Bxc6 31. dxc6 Rc7 32. b4 axb4 33. Bxb4 Re8 34. Qd3
Kg7 35. Be4 Ne7 36. Qa6 Nexc6 37. Qxb6 Rc8 38. Qb7+ Rc7 39. Qb6 1/2-1/2

[Event "LXXV Campeonato Brasileiro Ind"]
[Site "Americana"]
[Date "2009.12.05"]
[Round "4.3"]
[White "Macedo, Maximo Iack"]
[Black "Molina, Roberto Junio Brito"]
[Result "1-0"]
[WhiteElo "2339"]
[BlackElo "2340"]
[PlyCount "91"]
[EventDate "2009.12.02"]

1. d4 d5 2. c4 e6 3. Nc3 Be7 4. Qc2 Nf6 5. Bg5 h6 6. Bh4 O-O 7. e3 Nbd7 8. cxd5
exd5 9. Bd3 c6 10. Nge2 Re8 11. O-O Nh5 12. Bxe7 Qxe7 13. Rae1 Nf8 14. a3 g6
15. Ng3 Nxg3 16. fxg3 Be6 17. e4 Qd7 18. e5 Qe7 19. Ne2 Rac8 20. b4 a5 21. Qd2
axb4 22. axb4 Kg7 23. Rf6 b6 24. Ref1 c5 25. Nf4 cxd4 26. Nxe6+ fxe6 27. Qf4
Rc7 28. Qg4 Kh8 29. Bxg6 Qg7 30. Qh5 Rec8 31. Be8 Nh7 32. Rxh6 Qxh6 33. Qxh6
Rxe8 34. Qh4 d3 35. Qd4 Ng5 36. Qh4+ Nh7 37. Qd4 Ng5 38. Qxd3 Ne4 39. Qe3 Kg7
40. Qxb6 Ree7 41. b5 Nc3 42. Qe3 d4 43. Qg5+ Kh7 44. Rf6 Kh8 45. Rh6+ Rh7 46.
Qd8+ 1-0

[Event "LXXV Campeonato Brasileiro Ind"]
[Site "Americana"]
[Date "2009.12.05"]
[Round "4.4"]
[White "Diamant, Andre"]
[Black "Bittencourt, Jorge"]
[Result "1-0"]
[WhiteElo "2493"]
[BlackElo "2454"]
[PlyCount "102"]
[EventDate "2009.12.02"]

1. d4 Nf6 2. c4 e6 3. Nf3 b6 4. g3 Bb7 5. Bg2 Bb4+ 6. Bd2 a5 7. O-O O-O 8. Nc3
d6 9. Rc1 Nbd7 10. Re1 h6 11. d5 e5 12. Nh4 Nc5 13. Qc2 Bc8 14. a3 Bxc3 15.
Bxc3 a4 16. e4 Kh8 17. Rcd1 Ng8 18. f4 exf4 19. e5 fxg3 20. hxg3 Qg5 21. e6 Ne7
22. Qf2 f5 23. Rd4 Ba6 24. Nf3 Qg6 25. Nh4 Qg5 26. Rf1 Kg8 27. Nf3 Qg6 28. Nd2
b5 29. Qe2 bxc4 30. g4 f4 31. Rdxf4 Rxf4 32. Rxf4 Rf8 33. Rxf8+ Kxf8 34. Ne4
Nd3 35. Ng3 Kg8 36. Nf5 Nxf5 37. gxf5 Nf4 38. fxg6 Nxe2+ 39. Kf2 Nf4 40. Bd4
Kf8 41. Ke3 Nh5 42. Bf3 Nf6 43. Bxf6 gxf6 44. Bh5 Kg7 45. e7 Bb5 46. Kd4 f5 47.
Ke3 Be8 48. Kd4 Bb5 49. Kc3 f4 50. Kb4 Be8 51. Kxc4 f3 {Tempo} 1-0

[Event "LXXV Campeonato Brasileiro Ind"]
[Site "Americana"]
[Date "2009.12.05"]
[Round "4.5"]
[White "Leitao, Rafael"]
[Black "Milos, Gilberto"]
[Result "1/2-1/2"]
[WhiteElo "2621"]
[BlackElo "2603"]
[PlyCount "39"]
[EventDate "2009.12.02"]

1. d4 Nf6 2. c4 e6 3. Nf3 b6 4. g3 Bb7 5. Bg2 Be7 6. Nc3 Ne4 7. Bd2 Bf6 8. O-O
O-O 9. Rc1 c5 10. d5 exd5 11. cxd5 Nxd2 12. Nxd2 d6 13. Nde4 Ba6 14. Nxf6+ Qxf6
15. Re1 Rd8 16. Qa4 Bb7 17. Qf4 Qxf4 18. gxf4 Nd7 19. e4 Nf8 20. f5 1/2-1/2

[Event "LXXV Campeonato Brasileiro Ind"]
[Site "Americana"]
[Date "2009.12.05"]
[Round "4.6"]
[White "Mekhitarian, Krikor Sevag"]
[Black "Santiago, Yago De Moura"]
[Result "1-0"]
[WhiteElo "2467"]
[BlackElo "2266"]
[PlyCount "89"]
[EventDate "2009.12.02"]

1. e4 c5 2. Nf3 Nc6 3. d4 cxd4 4. Nxd4 e5 5. Nb5 d6 6. c4 Be7 7. N1c3 a6 8. Na3
f5 9. exf5 Bxf5 10. Bd3 Be6 11. Nc2 Nf6 12. O-O O-O 13. b3 Kh8 14. Bb2 Rc8 15.
Ne3 b5 16. cxb5 axb5 17. Nxb5 d5 18. Rc1 d4 19. Nf5 Qd7 20. Nxe7 Nxe7 21. Qe2
Rxc1 22. Rxc1 Ned5 23. Qxe5 Ng4 24. Qxd4 Rf4 25. Rc8+ Bg8 26. Rd8 Qe7 27. Rxg8+
Kxg8 28. Qxd5+ Kh8 29. Bc3 Nxf2 30. Qe5 Qf8 31. Be2 Ng4 32. Qxg7+ Qxg7 33.
Bxg7+ Kxg7 34. Bxg4 Rxg4 35. Kf2 Kf6 36. g3 Ke5 37. Kf3 Rg7 38. a4 Kd5 39. Kf4
Rf7+ 40. Kg5 Rf2 41. h4 Rf3 42. g4 Rxb3 43. h5 Rb4 44. Kf5 Rxa4 45. Nc3+ 1-0

[Event "LXXV Campeonato Brasileiro Ind"]
[Site "Americana"]
[Date "2009.12.05"]
[Round "5.1"]
[White "Santiago, Yago De Moura"]
[Black "Barreto Filho, Carlos Alberto"]
[Result "1/2-1/2"]
[WhiteElo "2266"]
[BlackElo "2277"]
[PlyCount "66"]
[EventDate "2009.12.02"]

1. Nf3 Nf6 2. c4 g6 3. b3 Bg7 4. Bb2 O-O 5. g3 d6 6. Bg2 e5 7. d3 Nc6 8. Nbd2
Nh5 9. Rb1 f5 10. a3 a5 11. e3 f4 12. O-O fxe3 13. fxe3 Bh6 14. Qe2 Bg4 15. Ne4
Qd7 16. Bc3 Rf7 17. Rf2 Raf8 18. Rbf1 b6 19. b4 axb4 20. axb4 Ne7 21. Qe1 Bxf3
22. Rxf3 Rxf3 23. Rxf3 Rxf3 24. Bxf3 Bg7 25. Qe2 Nf6 26. Qa2 Nxe4 27. Bxe4 Bf6
28. Kg2 Kg7 29. b5 d5 30. cxd5 Qxb5 31. Kf2 Qc5 32. Qb3 Nf5 33. Bxf5 gxf5
1/2-1/2

[Event "LXXV Campeonato Brasileiro Ind"]
[Site "Americana"]
[Date "2009.12.05"]
[Round "5.2"]
[White "Milos, Gilberto"]
[Black "Mekhitarian, Krikor Sevag"]
[Result "1/2-1/2"]
[WhiteElo "2603"]
[BlackElo "2467"]
[PlyCount "201"]
[EventDate "2009.12.02"]

1. e4 c5 2. Nf3 d6 3. d4 cxd4 4. Nxd4 Nf6 5. Nc3 Nc6 6. Bc4 e6 7. Bb3 a6 8. Be3
Qc7 9. f4 Be7 10. O-O O-O 11. Qe2 b5 12. a3 Rb8 13. f5 Nxd4 14. Bxd4 b4 15.
axb4 Rxb4 16. Bf2 exf5 17. exf5 d5 18. Kh1 Bb7 19. Ra4 Rxa4 20. Bxa4 Bd6 21.
Bd4 Bxh2 22. Bxf6 gxf6 23. Bb3 Rd8 24. Re1 Be5 25. Qf3 Qd7 26. Rxe5 fxe5 27.
Qg3+ Kf8 28. f6 Qe6 29. Qg7+ Ke8 30. Ba4+ Bc6 31. Bxc6+ Qxc6 32. Qg8+ Kd7 33.
Qxf7+ Kc8 34. Qg7 Rd6 35. Qf8+ Kb7 36. Qe7+ Qd7 37. Qxe5 Qe6 38. Qxe6 Rxe6 39.
Nxd5 Kc6 40. c4 Re1+ 41. Kh2 Kd6 42. b4 Rc1 43. Ne3 Ke6 44. Kg3 Kxf6 45. Kf3
Ke6 46. Ke4 Rb1 47. Nd5 Kd6 48. g4 Rc1 49. Kd4 Rd1+ 50. Ke4 Rd2 51. Ne3 Rf2 52.
Nf5+ Ke6 53. Ne3 Rd2 54. Nd5 Kd6 55. Ne3 Ra2 56. Kd4 Ke6 57. Nd5 h6 58. Ne3 Rf2
59. Ke4 Rb2 60. Nd5 Kd6 61. Kd4 Rb3 62. Ke4 Ra3 63. Kd4 Ra1 64. Ne3 Rh1 65.
Nf5+ Kc6 66. Ne3 Rb1 67. Nd5 Rf1 68. Ne3 Rf8 69. Ke5 Re8+ 70. Kd4 Rg8 71. Ke5
Rg5+ 72. Kf4 Kd7 73. Ke4 Ke6 74. Kd4 Rg8 75. Ke4 Rb8 76. Nd5 Rb7 77. Kd4 Rg7
78. Ne3 Rg8 79. Ke4 Kf6 80. Kd4 Ke6 81. Ke4 Kf6 82. Kd4 Kg5 83. c5 Rd8+ 84. Ke5
Re8+ 85. Kd4 Rd8+ 86. Ke5 Re8+ 87. Kd4 Rb8 88. c6 Rxb4+ 89. Kc5 Rb8 90. c7 Rc8
91. Kb6 a5 92. Kb7 Rxc7+ 93. Kxc7 a4 94. Nc4 Kxg4 95. Kb6 h5 96. Kb5 h4 97.
Kxa4 Kf4 98. Nd2 h3 99. Nf1 Kf3 100. Nh2+ Kg2 101. Ng4 1/2-1/2

[Event "LXXV Campeonato Brasileiro Ind"]
[Site "Americana"]
[Date "2009.12.05"]
[Round "5.4"]
[White "Molina, Roberto Junio Brito"]
[Black "Diamant, Andre"]
[Result "1-0"]
[WhiteElo "2340"]
[BlackElo "2493"]
[PlyCount "85"]
[EventDate "2009.12.02"]

1. d4 Nf6 2. c4 g6 3. Nc3 Bg7 4. e4 d6 5. g3 O-O 6. Bg2 c5 7. d5 e6 8. Nge2
exd5 9. cxd5 Re8 10. O-O b5 11. Nxb5 Nxe4 12. Bxe4 Rxe4 13. Nec3 Re8 14. Bf4
Bf8 15. Qd2 a6 16. Na3 Nd7 17. Nc4 Nb6 18. Na5 Bf5 19. Rfe1 Qd7 20. f3 h5 21.
Ne4 Bxe4 22. fxe4 Bg7 23. Rac1 h4 24. Nc6 h3 25. b4 Na4 26. Qc2 Nc3 27. bxc5
dxc5 28. Qd3 Nxa2 29. Rxc5 a5 30. Qc4 Bf8 31. d6 Nb4 32. Nxb4 axb4 33. Rc7 Rec8
34. Qd5 Rxc7 35. dxc7 Qa4 36. e5 b3 37. e6 b2 38. exf7+ Kh7 39. Qe6 Qd4+ 40.
Be3 Qd6 41. c8=Q Ra1 42. Qxh3+ Kg7 43. Qc3+ 1-0

[Event "LXXV Campeonato Brasileiro Ind"]
[Site "Americana"]
[Date "2009.12.05"]
[Round "5.5"]
[White "Matsuura, Everaldo"]
[Black "Macedo, Maximo Iack"]
[Result "1-0"]
[WhiteElo "2478"]
[BlackElo "2339"]
[PlyCount "89"]
[EventDate "2009.12.02"]

1. c4 c5 2. Nc3 Nf6 3. Nf3 Nc6 4. d4 cxd4 5. Nxd4 e6 6. a3 a6 7. e4 Bc5 8. Nb3
Ba7 9. Be2 Qc7 10. O-O Ne5 11. c5 Qc6 12. Qd4 Ng6 13. e5 Nd5 14. Nxd5 Qxd5 15.
Qxd5 exd5 16. Bf3 O-O 17. Bxd5 Nxe5 18. Bf4 Bb8 19. Rad1 Nf3+ 20. Bxf3 Bxf4 21.
Na5 Rb8 22. Nc4 Bc7 23. Nd6 b6 24. Nxc8 Rfxc8 25. Rxd7 bxc5 26. Bd5 Be5 27.
Bxf7+ Kh8 28. b3 Rc7 29. Rfd1 Rf8 30. g3 Rxd7 31. Rxd7 Bb2 32. a4 a5 33. Kg2 g6
34. h4 Bd4 35. f4 Kg7 36. Bc4+ Kh8 37. h5 gxh5 38. Bd3 Bg7 39. Kh3 Rb8 40. Kh4
Bf6+ 41. Kxh5 Rxb3 42. Rxh7+ Kg8 43. Bc4+ Kxh7 44. Bxb3 Kg7 45. g4 1-0

[Event "LXXV Campeonato Brasileiro Ind"]
[Site "Americana"]
[Date "2009.12.05"]
[Round "5.6"]
[White "Vescovi, Giovanni"]
[Black "Fier, Alexandr"]
[Result "1/2-1/2"]
[WhiteElo "2648"]
[BlackElo "2653"]
[PlyCount "98"]
[EventDate "2009.12.02"]

1. d4 Nf6 2. c4 c5 3. d5 e6 4. Nc3 exd5 5. cxd5 d6 6. e4 g6 7. h3 Bg7 8. Nf3
O-O 9. Bd3 b5 10. Bxb5 Nxe4 11. Nxe4 Qa5+ 12. Nfd2 Qxb5 13. Nxd6 Qa6 14. N2c4
Nd7 15. O-O Ne5 16. Nxc8 Raxc8 17. Nxe5 Bxe5 18. Re1 Qf6 19. Bh6 Rfe8 20. Qd2
Bd4 21. Rad1 Red8 22. Bg5 Bxf2+ 23. Qxf2 Qxg5 24. d6 Rd7 25. Re2 Kg7 26. Kh1
Qf6 27. Qg3 Rcd8 28. Red2 Re8 29. b3 Re4 30. Rd5 c4 31. bxc4 Rxc4 32. R5d2 Rf4
33. Qe3 h5 34. Kg1 Rf5 35. Qe8 Qe6 36. Qxe6 fxe6 37. Rc2 Rf8 38. Re2 Re8 39.
Re4 e5 40. Rd5 Kf6 41. Kf2 Re6 42. Ra4 Rexd6 43. Rxd6+ Rxd6 44. Rxa7 Rd2+ 45.
Kf3 e4+ 46. Kxe4 Rxg2 47. Kf3 Rc2 48. Ra5 Rc3+ 49. Kg2 Rc2+ 1/2-1/2

[Event "LXXV Campeonato Brasileiro Ind"]
[Site "Americana"]
[Date "2009.12.06"]
[Round "6.1"]
[White "Barreto Filho, Carlos Alberto"]
[Black "Fier, Alexandr"]
[Result "0-1"]
[WhiteElo "2277"]
[BlackElo "2653"]
[PlyCount "68"]
[EventDate "2009.12.02"]

1. d4 Nf6 2. c4 c5 3. d5 e6 4. Nc3 exd5 5. cxd5 d6 6. e4 g6 7. Nge2 Bg7 8. Ng3
O-O 9. Be2 a6 10. a4 Nbd7 11. O-O Re8 12. f3 Rb8 13. Be3 Ne5 14. Qd2 h5 15. Bg5
Qa5 16. f4 Ned7 17. f5 Qb4 18. fxg6 fxg6 19. e5 Rxe5 20. Bf4 h4 21. Bxe5 Nxe5
22. Nh1 Qd4+ 23. Qxd4 cxd4 24. Nd1 Nxd5 25. Nhf2 Bf5 26. Bf3 Nxf3+ 27. gxf3 Ne3
28. Nxe3 dxe3 29. Ng4 Bxb2 30. Ra2 Bd4 31. Kg2 Kg7 32. Re1 Re8 33. Ra3 Bxg4 34.
fxg4 Bc5 0-1